Представление документа в формате RUSMARC

ПолеНазваниеЗначение
  Тип записи a
  Библиографический уровень a
001 Контрольный номер RU/CBS_UL/BASE/cde580c6121a4c99ad17ee52d5edc895
005 Дата корректировки 20250124023513.7
100 Данные общей обработки __
a Данные общей обработки 20230922 ||| 0rusy0189 ca
101 Язык документа 0_
a Язык текста rus
102 Страна публикации __
a Страна публикации RU
200 Заглавие и сведения об ответственности 1_
a Заглавие Апокалипсис на космодроме Плесецк
e Сведения, относящиеся к заглавию [хроника катастрофы ракеты-носителя на космодроме "Плесецк" в 1980 году]
f Первые сведения об ответственности А. Логинов
300 Общие примечания __
a Общие примечания 16+
461 Уровень набора _0
1 2000
a Тайны СССР
463 Уровень физической единицы _0
1 2000
a № 15
v С. 10-11 : фото
1 2101
d 2023
1 001RU/CBS_UL/BASE/ea775adf0b7141aab052abafcdfae8ed
606 Тематические рубрики 0_
a Основная рубрика Космонавтика - СССР - История
y Географическая подрубрика Плесецк, посёлок городского типа (Архангельская область)
z Хронологическая подрубрика 1980 г.
610 Ключевые слова 0_
a Ключевые слова космодромы
610 Ключевые слова 0_
a Ключевые слова советские космодромы
610 Ключевые слова 0_
a Ключевые слова Плесецк (космодромы)
610 Ключевые слова 0_
a Ключевые слова катастрофы на космодромах
610 Ключевые слова 0_
a Ключевые слова взрывы на стартовых площадках
610 Ключевые слова 0_
a Ключевые слова пожары на космодромах
686 Индексы других классификаций __
2 Код системы rubbk
a Классификационный индекс 39.6г
700 Автор _1
a Фамилия Логинов
b Имя (инициалы) А.
801 Источник записи _0
a Страна RU
b Организация МБУК ЦБС г. Ульяновска
c Дата составления 20230922
g Правила каталогизации RCR
801 Источник записи _1
a Страна RU
b Организация МБУК ЦБС г. Ульяновска
c Дата составления 20230922
g Правила каталогизации RCR
901 Тип документа __
t Тип документа f
w Контрольный № источника RU/CBS_UL/BASE/ea775adf0b7141aab052abafcdfae8ed